000 00288nam a2200109Ia 4500
008 190907s9999||||xx |||||||||||||| ||und||
100 _aCohen, Lobstein
245 0 _aAlgorithmic Complexity and Communication Problems
260 _aIndia
_bAddision-Wesley
_c1996
300 _a249
942 _cBK
999 _c6441
_d6441